Privatizace v polském zahraničním obchodě.

Privatizačný program poľskej vlády. Špecifické rysy privatizácie v zahraničnom obchode. Zásady privatizačného procesu. Nový zákon o podnikoch so zahraničnou účasťou a praktické skúsenosti s jeho uplatňovaním. Zásady tvorby privatizačných projektov.

Salvato in:
Dettagli Bibliografici
Autore principale: Vlček, J.
Natura: Capitolo di libro
Lingua:ceco
Soggetti:
Tags: Aggiungi Tag
Nessun Tag, puoi essere il primo ad aggiungerne!!

MARC

LEADER 00000naa a2200000 4500
001 r005521
005 20221125081228.6
041 0 |a cze 
044 |a [CS] 
245 1 0 |a Privatizace v polském zahraničním obchodě.  |c J. Vlček 
520 |a Privatizačný program poľskej vlády. Špecifické rysy privatizácie v zahraničnom obchode. Zásady privatizačného procesu. Nový zákon o podnikoch so zahraničnou účasťou a praktické skúsenosti s jeho uplatňovaním. Zásady tvorby privatizačných projektov. 
610 2 0 |a obchod zahraničný 
610 2 0 |a PR 
610 2 0 |a privatizácia 
610 2 0 |a programy vládne 
610 2 0 |a zákony 
610 2 0 |a kapitál zahraničný 
100 1 |a Vlček, J.